000 00516nam a22001697a 4500
003 OSt
005 20251029092154.0
008 251029b |||||||| |||| 00| 0 eng d
040 _cMRSPTU
041 _aENG
100 _aBhatia, Rohit
245 _aDesign, Synthesis and Evaluation of Coumarin Fused/Tethered Nitrogen Containing Heterocycles as Anticancer Agents
260 _aBathinda
_bMRSPTU
_c2022
650 _aPharmacy
856 _uhttp://163.47.215.52:8080/jspui/handle/123456789/485
942 _2ddc
_cTH
_n0
999 _c10606
_d10606